Posterová prezentácia k príspevku Najlepší odhad záväzkov a finančných tokov pri výpočte technických rezerv v životnom poistení v režime Solvency II
Zhodnotenie rôznych prístupov ku kalkulácii najlepšieho odhadu záväzkov v životnom poistení a načrtnutie možných problémov, ktoré by pri nastavených pravidlách pre Solvency II mohli nastať.
Gespeichert in:
| 1. Verfasser: | |
|---|---|
| Format: | Buchkapitel |
| Sprache: | Slowakisch |
| Schlagworte: | |
| Tags: |
Keine Tags, Fügen Sie das erste Tag hinzu!
|
MARC
| LEADER | 00000nla a2200000 4500 | ||
|---|---|---|---|
| 001 | 0161724 | ||
| 005 | 20240502072814.8 | ||
| 041 | 0 | |a slo | |
| 044 | |a SK | ||
| 245 | 1 | 0 | |a Posterová prezentácia k príspevku Najlepší odhad záväzkov a finančných tokov pri výpočte technických rezerv v životnom poistení v režime Solvency II |c Peter Marko |
| 520 | |a Zhodnotenie rôznych prístupov ku kalkulácii najlepšieho odhadu záväzkov v životnom poistení a načrtnutie možných problémov, ktoré by pri nastavených pravidlách pre Solvency II mohli nastať. | ||
| 610 | 2 | 0 | |a odhady |
| 610 | 2 | 0 | |a záväzky |
| 610 | 2 | 0 | |a rezervy technické |
| 610 | 2 | 0 | |a poistenie životné |
| 100 | 1 | |a Marko, Peter | |